Normal view
MARC view
- القرلن-الارشاد النفسي والتربوي-علم النفس الديني
Entry Topical Term
001 - CONTROL NUMBER
- control field: 60985
003 - CONTROL NUMBER IDENTIFIER
- control field: JO-AjAnu
005 - DATE AND TIME OF LATEST TRANSACTION
- control field: 20230606083951.0
008 - FIXED-LENGTH DATA ELEMENTS
- fixed length control field: 230606|| aca||aabn | a|a d
040 ## - CATALOGING SOURCE
- Original cataloging agency: JO-AjAnu
- Transcribing agency: JO-AjAnu
150 ## - HEADING--TOPICAL TERM
- Topical term or geographic name entry element: القرلن-الارشاد النفسي والتربوي-علم النفس الديني
670 ## - SOURCE DATA FOUND
- Source citation: Work cat.: (JO-AjAnu)31106: العيساوي، سيف طارق حسين، م. مشارك حيدر محمد هناء الشلاه, author 60984, الارشاد التربوي والنفسي: رؤية قرآنية علمية مع برنامج للارشاد الاخلاقي